[Event "FIDE World Bl Team Pool B"]
[Site "London ENG"]
[Date "2025.06.14"]
[Round "4.4"]
[White "Dominguez Perez, Leinier"]
[Black "Wadsworth, Matthew J"]
[Result "1-0"]
[WhiteTitle "GM"]
[BlackTitle "IM"]
[WhiteElo "2738"]
[BlackElo "2481"]
[WhiteTeam "Hexamind Chess Team"]
[BlackTeam "Wood Green"]
[WhiteFideId "3503240"]
[BlackFideId "415804"]
[EventDate "2025.06.14"]
[EventType "team"]

1. e4 e6 2. d4 d5 3. Nc3 Bb4 4. e5 c5 5. dxc5 Ne7 6. Nf3 Nd7 7. Bd3 Nc6 8. O-O
Bxc3 9. bxc3 Ndxe5 10. Nxe5 Nxe5 11. Bf4 Qf6 12. Bb5+ Nc6 13. Bd6 Bd7 14. Rb1
Qxc3 15. Re1 a6 16. Bf1 O-O-O 17. Re3 Qd4 18. Rd3 Qa4 19. Rdb3 b5 20. cxb6 Kb7
21. Ra3 1-0

[Event "FIDE World Bl Team Pool B"]
[Site "London ENG"]
[Date "2025.06.14"]
[Round "4.5"]
[White "Orlovska, Madara"]
[Black "Divya, Deshmukh"]
[Result "0-1"]
[BlackTitle "IM"]
[WhiteElo "2059"]
[BlackElo "2463"]
[WhiteTeam "Wood Green"]
[BlackTeam "Hexamind Chess Team"]
[WhiteFideId "11601825"]
[BlackFideId "35006916"]
[EventDate "2025.06.14"]
[EventType "team"]

1. d4 Nf6 2. Nc3 d5 3. Bf4 e6 4. e3 c5 5. dxc5 Bxc5 6. Bd3 Nc6 7. Nf3 O-O 8. O-O
Re8 9. Ne5 Bd6 10. Nxc6 bxc6 11. Bxd6 Qxd6 12. e4 e5 13. f3 Rb8 14. Rb1 Be6 15.
Kh1 d4 16. Ne2 Bxa2 17. Ra1 Rxb2 18. Nc1 Be6 19. Rxa7 c5 20. Bb5 Rxb5 21. Qd3 c4
22. Qd2 Qb6 23. Ra1 Nd7 24. Ne2 c3 25. Qe1 Rb2 26. Rc1 Bc4 27. Rg1 Qh6 28. Ng3
Qd2 29. Nf5 Qxe1 30. Rgxe1 Be6 31. Ng3 Ra8 32. f4 f6 33. fxe5 fxe5 34. Ne2 Raa2
35. Ra1 Rxc2 36. Rxa2 Rxa2 0-1

[Event "FIDE World Bl Team Pool B"]
[Site "London ENG"]
[Date "2025.06.14"]
[Round "4.1"]
[White "Gallana, Marco"]
[Black "Rodshtein, Maxim"]
[Result "1-0"]
[BlackTitle "GM"]
[WhiteElo "2215"]
[BlackElo "2645"]
[WhiteTeam "Hammersmith Chess Club"]
[BlackTeam "Rishon LeZion Chess Club"]
[WhiteFideId "824542"]
[BlackFideId "2806851"]
[EventDate "2025.06.14"]
[EventType "team"]

1. d4 Nf6 2. c4 g6 3. Nc3 d5 4. Nf3 Bg7 5. Bg5 dxc4 6. e4 c5 7. d5 O-O 8. Bxc4
Bg4 9. O-O Nbd7 10. Be2 Rc8 11. h3 Bxf3 12. Bxf3 a6 13. a4 Ne8 14. Bg4 Nd6 15.
Re1 Nc4 16. Qb3 Na5 17. Qc2 h5 18. Bxd7 Qxd7 19. e5 e6 20. Rad1 Nc4 21. Ne4 Nb6
22. dxe6 Qxe6 23. Rd6 Qc4 24. Qd2 Qb3 25. Nf6+ Bxf6 26. Bxf6 Kh7 27. Re3 1-0

[Event "FIDE World Bl Team Pool B"]
[Site "London ENG"]
[Date "2025.06.14"]
[Round "4.2"]
[White "Steinberg, Nitzan"]
[Black "Villiers, Thomas"]
[Result "1-0"]
[WhiteTitle "GM"]
[BlackTitle "CM"]
[WhiteElo "2554"]
[BlackElo "2158"]
[WhiteTeam "Rishon LeZion Chess Club"]
[BlackTeam "Hammersmith Chess Club"]
[WhiteFideId "2801795"]
[BlackFideId "427209"]
[EventDate "2025.06.14"]
[EventType "team"]

1. e4 e5 2. Nf3 Nc6 3. Bb5 Nf6 4. d3 Bc5 5. c3 d6 6. O-O O-O 7. h3 a6 8. Ba4 b5
9. Bb3 Ba7 10. Re1 Na5 11. Bc2 c5 12. Nbd2 Nc6 13. Nf1 Ne7 14. Ng3 Ng6 15. a4
Bd7 16. Be3 Bb6 17. Qd2 Re8 18. Ra3 bxa4 19. Bxa4 Bxa4 20. Rxa4 d5 21. Qc2 Nf4
22. Bxf4 exf4 23. Ne2 c4 24. e5 cxd3 25. Qxd3 Ne4 26. Rxe4 dxe4 27. Qxe4 g5 28.
h4 g4 29. Ng5 Qc7 30. Qxh7+ Kf8 31. Nxf4 g3 32. Nfh3 gxf2+ 33. Nxf2 Bxf2+ 34.
Kxf2 Qa7+ 35. Kf1 Rad8 36. e6 Rxe6 37. Nxe6+ Ke8 38. Qg8+ Kd7 39. Qxd8+ Kc6 40.
Nd4+ Kc5 41. Qc8+ Kd5 42. Qc6# 1-0

[Event "FIDE World Bl Team Pool B"]
[Site "London ENG"]
[Date "2025.06.14"]
[Round "4.3"]
[White "Hill, Alistair"]
[Black "Sokolovsky, Yahli"]
[Result "0-1"]
[BlackTitle "GM"]
[WhiteElo "2178"]
[BlackElo "2542"]
[WhiteTeam "Hammersmith Chess Club"]
[BlackTeam "Rishon LeZion Chess Club"]
[WhiteFideId "432407"]
[BlackFideId "2820242"]
[EventDate "2025.06.14"]
[EventType "team"]

1. c4 Nf6 2. Nf3 g6 3. d4 Bg7 4. Nc3 d6 5. e3 Bf5 6. Be2 O-O 7. O-O Ne4 8. Nxe4
Bxe4 9. Nd2 Bc6 10. Qc2 e5 11. d5 Bd7 12. Rb1 a5 13. b3 Na6 14. a3 Nc5 15. b4
axb4 16. axb4 Ba4 17. Qa2 Bd1 18. Qxa8 Qxa8 19. Rxd1 Nd7 20. Bb2 f5 21. Rdc1 b6
22. h3 Qd8 23. Nb3 f4 24. e4 Nf6 25. Bf3 g5 26. c5 h5 27. cxd6 cxd6 28. Rc3 g4
29. hxg4 hxg4 30. Be2 g3 31. fxg3 Nxe4 32. Rc2 fxg3 33. Bf3 Qh4 34. Kf1 Ng5 35.
Ke2 Nxf3 36. gxf3 Qh2+ 37. Kd3 Rxf3+ 0-1

[Event "FIDE World Bl Team Pool B"]
[Site "London ENG"]
[Date "2025.06.14"]
[Round "4.4"]
[White "Bronstein, Or"]
[Black "Hanache, Kai"]
[Result "1-0"]
[WhiteTitle "IM"]
[WhiteElo "2443"]
[BlackElo "2149"]
[WhiteTeam "Rishon LeZion Chess Club"]
[BlackTeam "Hammersmith Chess Club"]
[WhiteFideId "2815770"]
[BlackFideId "490105"]
[EventDate "2025.06.14"]
[EventType "team"]

1. d4 Nf6 2. c4 g6 3. Nc3 d5 4. e3 Bg7 5. cxd5 Nxd5 6. Bc4 Nxc3 7. bxc3 O-O 8.
Nf3 c5 9. O-O Nc6 10. Qe2 Qc7 11. Ba3 b6 12. Rac1 Bb7 13. e4 Rad8 14. Rfd1 h6
15. Bb2 Qf4 16. h3 e6 17. g3 Qf6 18. Bd3 Rfe8 19. e5 Qe7 20. Be4 Na5 21. Nd2 Bd5
22. h4 h5 23. Ba3 Bxa2 24. Ra1 Bd5 25. Bxc5 bxc5 26. Rxa5 cxd4 27. Bxd5 dxc3 28.
Bc6 Qc7 29. Bxe8 c2 30. Rc1 Qxa5 31. Bxf7+ Kxf7 32. Nc4 Qc3 33. Rxc2 Qa1+ 34.
Kg2 Qa4 35. Nd6+ Kg8 36. Rc4 Qd7 37. Qe4 Kh7 38. f4 Rb8 39. Kh3 Rb2 40. Rc2 Rb3
41. Qc4 Rb8 42. Qc7 Qd8 43. Qxa7 Rb3 44. Rc7 Qf8 45. Rf7 Qg8 46. Qe7 Rb8 47.
Qxe6 Rd8 48. Qf6 Rf8 49. Qe7 Rxf7 50. Nxf7 Qc8+ 51. e6 Qc2 52. Ng5+ Kh6 53. Nf7+
Kh7 54. Qd7 Qf5+ 55. Kg2 Qe4+ 56. Kf2 Qc2+ 57. Kf3 Qb3+ 58. Ke4 Qc4+ 59. Ke3
Qc3+ 60. Qd3 Qe1+ 61. Kf3 Qh1+ 62. Kf2 Qh2+ 63. Ke1 Qg1+ 64. Kd2 Qf2+ 65. Kd1
Qg1+ 66. Kc2 Qc5+ 67. Kd2 Qf2+ 68. Qe2 Qd4+ 69. Qd3 Qf2+ 70. Kd1 Qg1+ 71. Kc2
Qf2+ 72. Kb3 Qb6+ 73. Ka4 Qc6+ 74. Kb4 Qb6+ 75. Qb5 Qd4+ 76. Qc4 Qb6+ 77. Ka4
Qa7+ 78. Kb5 Qb7+ 79. Kc5 Bf8+ 80. Kd4 Bg7+ 81. Ne5 Qb6+ 82. Ke4 Qb1+ 83. Qd3
Qb7+ 84. Ke3 Qb6+ 85. Kf3 Qxe6 86. Qe4 Qb3+ 87. Kg2 Qe6 88. Kh2 Qa2+ 89. Kh3
Qe6+ 90. Kg2 Qa2+ 91. Kf3 Qb3+ 92. Qe3 Qd5+ 93. Kf2 Qa2+ 94. Qe2 Qa7+ 95. Kg2
Qb7+ 96. Nf3 Qb2 97. Ng5+ Kh6 98. Nf7+ Kh7 99. Ng5+ Kg8 100. Qxb2 Bxb2 101. Kf3
Kg7 102. Ke4 Kf6 103. Kd5 Bc1 104. Ke4 Ba3 105. Nf3 Bd6 106. Ne5 Bc7 107. Nd3
Ke6 108. Nb4 Bb6 109. Nd3 Ba7 110. Nc1 Bf2 111. Ne2 Kf6 112. Kf3 Bc5 113. Nc3
Bd4 114. Nd5+ Ke6 115. Ne3 Bc3 116. Ke4 Be1 117. f5+ Kf6 118. Kf4 gxf5 119. Nxf5
Bd2+ 120. Ke4 Be1 121. Kf4 Bd2+ 122. Ne3 Kg6 123. Ke4 Be1 124. Kf3 Bd2 125. Nd5
Kf5 126. Nf4 Bc3 127. Nxh5 Be5 128. g4+ Kg6 129. Ke4 Bc3 130. Nf4+ Kh6 131. g5+
Kg7 132. Kf5 Kh7 133. h5 Kg7 134. h6+ Kh7 135. Kg4 Bd2 136. Nd5 Bc1 137. Kh5 Bb2
138. g6+ Kh8 139. Kg5 Ba1 140. Kf5 Bb2 141. Ke6 Bd4 142. Kf7 Bg7 143. hxg7# 1-0

[Event "FIDE World Bl Team Pool B"]
[Site "London ENG"]
[Date "2025.06.14"]
[Round "4.5"]
[White "Aryaman Ganguly"]
[Black "Lahav, Michal"]
[Result "1-0"]
[BlackTitle "WIM"]
[WhiteElo "1826"]
[BlackElo "2143"]
[WhiteTeam "Hammersmith Chess Club"]
[BlackTeam "Rishon LeZion Chess Club"]
[WhiteFideId "25981226"]
[BlackFideId "2813742"]
[EventDate "2025.06.14"]
[EventType "team"]

1. e4 e6 2. d4 d5 3. e5 c5 4. c3 Nc6 5. Nf3 Nge7 6. a3 cxd4 7. cxd4 Nf5 8. b4
Be7 9. Bb2 O-O 10. Bd3 f6 11. exf6 Bxf6 12. O-O g6 13. Bxf5 exf5 14. Nc3 f4 15.
h3 Kh8 16. Re1 Bf5 17. Rc1 Rc8 18. Qb3 Nxd4 19. Nxd4 Bxd4 20. Nxd5 Bg7 21. Bxg7+
Kxg7 22. Qb2+ Kh6 23. Nxf4 Qd6 24. Ne2 Rfe8 25. Ng3 Bd3 26. Qd2+ Kg7 27. Rxc8
Rxc8 28. Rd1 Rd8 29. Qc3+ Kg8 30. Qb3+ Qd5 31. Rxd3 Qxb3 32. Rxb3 Rd1+ 33. Kh2
Kf7 34. Rf3+ Kg7 35. Re3 Rd7 36. Ne4 a6 37. Nc5 Rf7 38. Kg3 Kh6 39. Rd3 Re7 40.
Kf3 Rf7+ 41. Ke2 Re7+ 42. Kf1 Rf7 43. Rd7 Rf4 44. Rxb7 a5 45. bxa5 Rc4 46. Rb5
Rc2 47. a6 Ra2 48. a4 1-0

[Event "FIDE World Bl Team Pool B"]
[Site "London ENG"]
[Date "2025.06.14"]
[Round "4.6"]
[White "Raiko, Yossi"]
[Black "Cepoi, Gesneria-Codruta"]
[Result "1-0"]
[WhiteElo "1963"]
[BlackElo "1598"]
[WhiteTeam "Rishon LeZion Chess Club"]
[BlackTeam "Hammersmith Chess Club"]
[WhiteFideId "2835711"]
[BlackFideId "1285297"]
[EventDate "2025.06.14"]
[EventType "team"]

1. d4 d5 2. c4 e6 3. Nf3 Be7 4. Nc3 Nf6 5. Bg5 h6 6. Bh4 O-O 7. e3 b6 8. Rc1 Bb7
9. Be2 c5 10. cxd5 exd5 11. O-O Nbd7 12. dxc5 bxc5 13. Qb3 Rb8 14. Bg3 c4 15.
Qc2 Rc8 16. Rfd1 Nb6 17. Nd4 Re8 18. Bf3 Bc5 19. Bh4 Be7 20. Nf5 Qd7 21. Nxe7+
Qxe7 22. Qf5 Qe6 23. Qc2 Ne4 24. Nxe4 dxe4 25. Be2 a5 26. Rd4 Bd5 27. Qc3 a4 28.
Qa5 Ra8 29. Qb4 Rac8 30. Rcd1 f6 31. Bg3 Red8 32. Qd2 Rd7 33. a3 Rcd8 34. Qc2
Qc6 35. h3 Kf7 36. Bh5+ g6 37. Bg4 f5 38. Be2 Be6 39. Qc3 Nd5 40. Qa5 g5 41.
Bxc4 f4 42. exf4 Nxf4 43. Bxe6+ Qxe6 44. Rxd7+ Rxd7 45. Rxd7+ Qxd7 46. Bxf4 gxf4
47. Qe1 Qd5 48. Qe2 Kf6 49. Qg4 e3 50. Qxf4+ Kg6 51. Qg3+ Kh7 52. Qxe3 Qd1+ 53.
Kh2 Qd6+ 54. g3 Qf6 55. Qd3+ Kg8 56. Qc4+ Kh7 57. Qe4+ Kg8 58. Qg4+ Kh7 59. Kg2
Qxb2 60. Qe4+ Kg7 61. Qxa4 Qe5 62. Qg4+ Kh7 63. Qf3 Qa5 64. h4 Qa6 65. Qe3 Qa8+
66. Qf3 Qa7 67. Qe4+ Kg7 68. a4 Qa6 69. Qe5+ Kh7 70. Qe4+ Kg7 71. Qe5+ Kh7 72.
a5 Qa8+ 73. Kh2 Qf3 74. Qe7+ Kg8 75. Qe3 Qa8 76. Qxh6 Qxa5 77. Qg5+ Qxg5 78.
hxg5 Kg7 79. f4 Kg6 80. g4 Kg7 81. f5 Kf7 82. Kg3 Kg7 83. Kf4 Kf7 84. Ke5 Ke7
85. f6+ Kf7 86. Kf5 Kg8 87. g6 Kf8 88. Kg5 Kg8 89. Kh6 Kh8 90. g7+ Kg8 91. g5
Kf7 92. Kh7 1-0

[Event "FIDE World Bl Team Pool B"]
[Site "London ENG"]
[Date "2025.06.14"]
[Round "4.1"]
[White "Zhu, Pengxiao"]
[Black "Madan, Augustin"]
[Result "0-1"]
[BlackTitle "IM"]
[WhiteElo "1938"]
[BlackElo "2259"]
[WhiteTeam "UK Chess Challenge Masters"]
[BlackTeam "Desert Penguins"]
[WhiteFideId "499307"]
[BlackFideId "1210327"]
[EventDate "2025.06.14"]
[EventType "team"]

1. d4 Nf6 2. c4 e6 3. Nc3 Bb4 4. Qc2 Nc6 5. Nf3 O-O 6. Bg5 h6 7. Bh4 d6 8. e3 e5
9. Be2 Bg4 10. d5 Nb8 11. O-O Bxc3 12. Qxc3 g5 13. Bg3 Ne4 14. Qc2 f5 15. h3
Bxf3 16. Bxf3 Nxg3 17. fxg3 e4 18. Be2 Nd7 19. g4 Qe7 20. gxf5 Qe5 21. Rf2 a5
22. Raf1 Nf6 23. Qb3 b6 24. Qb5 Kh8 25. Qc6 Qe7 26. a3 Kg7 27. b4 axb4 28. axb4
Ra7 0-1

[Event "FIDE World Bl Team Pool B"]
[Site "London ENG"]
[Date "2025.06.14"]
[Round "4.2"]
[White "Bansal, Rohan"]
[Black "Sefton, Adam"]
[Result "1-0"]
[WhiteElo "2005"]
[BlackElo "2047"]
[WhiteTeam "Desert Penguins"]
[BlackTeam "UK Chess Challenge Masters"]
[WhiteFideId "425052"]
[BlackFideId "343400965"]
[EventDate "2025.06.14"]
[EventType "team"]

1. d4 Nf6 2. Nf3 e6 3. e3 d5 4. b3 Nbd7 5. Bb2 Bd6 6. Bd3 b6 7. O-O Bb7 8. Nbd2
Ne4 9. Ne5 O-O 10. f3 Nxd2 11. Qxd2 f6 12. Nxd7 Qxd7 13. e4 a5 14. a3 c5 15. e5
fxe5 16. dxe5 Bc7 17. f4 b5 18. c4 dxc4 19. Bxh7+ Kxh7 20. Qxd7 Rac8 21. Qxe6
cxb3 22. f5 Rce8 23. Qg6+ Kg8 24. e6 Re7 25. f6 Be4 26. Qxe4 gxf6 27. Bxf6 Rff7
28. Bxe7 Rxe7 29. Rf6 b2 30. Raf1 1-0

[Event "FIDE World Bl Team Pool B"]
[Site "London ENG"]
[Date "2025.06.14"]
[Round "4.3"]
[White "Yu, Rock"]
[Black "Bharat Kumar, Balahari"]
[Result "1-0"]
[WhiteElo "2057"]
[BlackElo "2052"]
[WhiteTeam "UK Chess Challenge Masters"]
[BlackTeam "Desert Penguins"]
[WhiteFideId "489000"]
[BlackFideId "496464"]
[EventDate "2025.06.14"]
[EventType "team"]

1. c4 Nf6 2. Nc3 e5 3. Nf3 Nc6 4. g3 d5 5. cxd5 Nxd5 6. Bg2 Nb6 7. O-O Be7 8. d3
O-O 9. a3 Be6 10. b4 f6 11. Be3 Nd5 12. Nxd5 Bxd5 13. Rc1 Qd7 14. Bc5 Bxc5 15.
Rxc5 Be6 16. Qc1 Rfc8 17. Rd1 a5 18. b5 Na7 19. a4 b6 20. Rc3 Bd5 21. d4 e4 22.
Nd2 f5 23. Nc4 Bxc4 24. Rxc4 c6 25. bxc6 Nxc6 26. f3 e3 27. f4 Nb4 28. Bxa8 Rxa8
29. Qxe3 Qd5 30. Rc7 Qd6 31. Qe5 Qf8 32. d5 Re8 33. Qb2 Qd6 34. Qxg7# 1-0

[Event "FIDE World Bl Team Pool B"]
[Site "London ENG"]
[Date "2025.06.14"]
[Round "4.4"]
[White "Bansal, Saahil"]
[Black "Longson, Sarah N"]
[Result "1-0"]
[BlackTitle "WFM"]
[WhiteElo "1979"]
[BlackElo "1941"]
[WhiteTeam "Desert Penguins"]
[BlackTeam "UK Chess Challenge Masters"]
[WhiteFideId "438316"]
[BlackFideId "2501465"]
[EventDate "2025.06.14"]
[EventType "team"]

1. d4 d5 2. c4 c6 3. Nc3 Nf6 4. Nf3 e6 5. cxd5 exd5 6. Bg5 Be7 7. Qc2 O-O 8. e3
h6 9. Bh4 Nbd7 10. Bd3 b6 11. O-O Bb7 12. Rac1 Rc8 13. Rfd1 c5 14. dxc5 bxc5 15.
Bf5 Qb6 16. Bxd7 Nxd7 17. Bxe7 Rfe8 18. Bh4 d4 19. Na4 Qa6 20. b3 Bxf3 21. gxf3
Ne5 22. Bg3 Nxf3+ 23. Kg2 Qc6 24. e4 Rxe4 25. Qxc5 Qxc5 26. Rxc5 Ne1+ 27. Rxe1
Rxc5 28. Rxe4 1-0

[Event "FIDE World Bl Team Pool B"]
[Site "London ENG"]
[Date "2025.06.14"]
[Round "4.5"]
[White "Vaidyanathan, Adithya"]
[Black "Sedykh, Stakhey"]
[Result "1-0"]
[WhiteElo "2111"]
[BlackElo "1756"]
[WhiteTeam "UK Chess Challenge Masters"]
[BlackTeam "Desert Penguins"]
[WhiteFideId "495450"]
[BlackFideId "453064"]
[EventDate "2025.06.14"]
[EventType "team"]

1. d4 d5 2. c4 c6 3. Nc3 Nf6 4. Nf3 dxc4 5. a4 Bf5 6. e3 e6 7. Bxc4 Nbd7 8. O-O
Bb4 9. Qe2 Bxc3 10. bxc3 O-O 11. Ba3 Re8 12. Nd2 Ne4 13. Nxe4 Bxe4 14. f3 Bg6
15. e4 e5 16. Rfd1 Qc7 17. Rab1 a6 18. Qb2 b5 19. Bb3 exd4 20. cxd4 Qb6 21. Rbc1
Rac8 22. Qc3 Qb7 23. Rd2 Qb6 24. Kh1 Qb7 25. Qb4 Qb6 26. Rdc2 Qb7 27. h3 h6 28.
Qd6 Red8 29. Qxg6 b4 30. Qxf7+ Kh8 31. Bb2 Rf8 32. Qe7 Rce8 33. Qd6 Rd8 34. Qxc6
Qb8 35. d5 Qg3 36. Bd4 Rxf3 37. Qxh6+ Kg8 38. Qe6+ Kh8 39. gxf3 Qxf3+ 40. Rg2
Re8 41. Qh6+ Kg8 42. Qxg7# 1-0

[Event "FIDE World Bl Team Pool B"]
[Site "London ENG"]
[Date "2025.06.14"]
[Round "4.6"]
[White "Ding, Yihua"]
[Black "Veselow, Zoe"]
[Result "0-1"]
[WhiteElo "1536"]
[BlackElo "1761"]
[WhiteTeam "Desert Penguins"]
[BlackTeam "UK Chess Challenge Masters"]
[WhiteFideId "495999"]
[BlackFideId "497657"]
[EventDate "2025.06.14"]
[EventType "team"]

1. d4 Nf6 2. c4 e6 3. a3 d5 4. Nc3 Be7 5. Bf4 c5 6. e3 a6 7. Nf3 Bd6 8. Bxd6
Qxd6 9. Be2 O-O 10. O-O b6 11. Qc2 Nbd7 12. Rfd1 Bb7 13. Rac1 Rac8 14. h3 cxd4
15. Nxd4 dxc4 16. Bf3 Bxf3 17. Nxf3 Qc7 18. Ne4 Nxe4 19. Qxe4 Nf6 20. Qc2 Qb7
21. Qe2 b5 22. Rc2 Rfd8 23. Rxd8+ Rxd8 24. Rd2 Qc7 25. Qd1 Rxd2 26. Qxd2 g6 27.
Qc3 Nd5 28. Qd4 f6 29. e4 Nb6 30. Qxf6 Qd6 31. Qd4 Qxd4 32. Nxd4 Kf7 33. Kf1 Na4
34. b3 e5 35. Nxb5 cxb3 36. Nd6+ Ke6 37. Nc4 b2 38. Nd2 Nc3 39. Ke1 b1=Q+ 40.
Nxb1 Nxb1 41. a4 Nc3 42. a5 Nxe4 43. Ke2 Kd5 44. Ke3 Nc5 45. f3 Nb3 46. Kd3 Nxa5
47. Kc3 Nc4 48. g4 a5 49. Kb3 Kc5 50. Kc3 a4 51. Kc2 a3 52. Kb3 Kd4 53. Kc2 a2 0-1

[Event "FIDE World Bl Team Pool B"]
[Site "London ENG"]
[Date "2025.06.14"]
[Round "4.1"]
[White "Rakotomaharo, Fy Antenaina"]
[Black "O'Gorman, Tom"]
[Result "1-0"]
[WhiteTitle "IM"]
[BlackTitle "IM"]
[WhiteElo "2441"]
[BlackElo "2379"]
[WhiteTeam "Mother Continent"]
[BlackTeam "Oxbridge"]
[WhiteFideId "13100050"]
[BlackFideId "2508249"]
[EventDate "2025.06.14"]
[EventType "team"]

1. e4 e5 2. Nf3 Nc6 3. Bb5 a6 4. Ba4 Nf6 5. d3 d6 6. c3 g6 7. O-O Bg7 8. Re1 O-O
9. Nbd2 Re8 10. h3 h6 11. Nf1 b5 12. Bc2 Bb7 13. Ng3 d5 14. a4 Qd7 15. Qe2 Rad8
16. Nh2 d4 17. Nf3 dxc3 18. bxc3 b4 19. Bb2 bxc3 20. Bxc3 Nd4 21. Bxd4 exd4 22.
Bb3 c5 23. Qa2 Re7 24. Rac1 Rc8 25. Nd2 Qc7 26. Nc4 Nd7 27. Rf1 Ne5 28. Nxe5
Bxe5 29. Ne2 Bg7 30. f4 Kh7 31. f5 Be5 32. Rf3 g5 33. f6 Rd7 34. Rf5 Qd6 35.
Rcf1 Kg6 36. h4 Rg8 37. hxg5 hxg5 38. Qd2 Kh7 39. Rxg5 Bxf6 40. Rh5+ 1-0

[Event "FIDE World Bl Team Pool B"]
[Site "London ENG"]
[Date "2025.06.14"]
[Round "4.2"]
[White "Goh, Jinghan Cameron"]
[Black "Mhango, Banele"]
[Result "0-1"]
[BlackTitle "FM"]
[WhiteElo "2178"]
[BlackElo "2236"]
[WhiteTeam "Oxbridge"]
[BlackTeam "Mother Continent"]
[WhiteFideId "5804540"]
[BlackFideId "14327040"]
[EventDate "2025.06.14"]
[EventType "team"]

1. d4 Nf6 2. c4 g6 3. g3 Bg7 4. Bg2 O-O 5. Nc3 d6 6. Nf3 Nc6 7. O-O Bg4 8. d5
Na5 9. b3 c5 10. Bd2 Rb8 11. e4 a6 12. Qe1 b6 13. e5 Nd7 14. e6 fxe6 15. Ng5 e5
16. h3 Bf5 17. Be4 Qe8 18. Bxf5 gxf5 19. Ne6 Rf6 20. Kh2 Nf8 21. Nxg7 Kxg7 22.
g4 fxg4 23. Rg1 Kh8 24. Rxg4 Ng6 25. Ne4 Rf5 26. Qg1 Qf7 27. Be3 Rf8 28. Ng5 Qf6
29. Qg3 Nb7 30. Rg1 Rg8 31. Ne4 Qf7 32. Ng5 Qf6 33. Ne4 Qf8 34. h4 Nd8 35. Qh3
Rf3 36. R1g3 Rxg3 37. Qxg3 Qf5 38. Rg5 Qxe4 39. h5 Qh4+ 40. Qxh4 Nxh4 41. Rxg8+
Kxg8 42. Kh3 Nf5 43. Kg4 Nxe3+ 44. fxe3 Kf7 45. Kg5 Kg7 46. h6+ Kf7 47. e4 Nb7
48. Kf5 b5 49. cxb5 axb5 50. Kg5 c4 51. bxc4 bxc4 0-1

[Event "FIDE World Bl Team Pool B"]
[Site "London ENG"]
[Date "2025.06.14"]
[Round "4.3"]
[White "George Samir, David"]
[Black "Ratnesan, Ranesh"]
[Result "0-1"]
[WhiteTitle "FM"]
[BlackTitle "CM"]
[WhiteElo "2356"]
[BlackElo "2138"]
[WhiteTeam "Mother Continent"]
[BlackTeam "Oxbridge"]
[WhiteFideId "10657789"]
[BlackFideId "439339"]
[EventDate "2025.06.14"]
[EventType "team"]

1. e4 c5 2. Nf3 d6 3. d4 cxd4 4. Nxd4 Nf6 5. Nc3 a6 6. Bg5 e6 7. f4 Be7 8. Qf3
Qc7 9. O-O-O Nbd7 10. g4 b5 11. Bxf6 Nxf6 12. g5 Nd7 13. f5 O-O 14. Rg1 b4 15.
Nce2 e5 16. f6 exd4 17. fxe7 Re8 18. e5 Rb8 19. g6 Nxe5 20. gxf7+ Nxf7 21. Qf6
g6 22. Rxg6+ hxg6 23. Qxg6+ Kh8 24. Qxf7 Qxe7 25. Qh5+ Kg7 26. Rd3 Qe5 27. Rg3+
Kf6 28. Qh4+ Kf7 29. Qh7+ Ke6 30. Qh6+ Kd5 31. Rg5 Bf5 32. Qh5 Rf8 33. b3 Rbc8
34. Bg2+ Kc5 35. Bh3 Qe3+ 36. Kb1 Kb6 37. Rxf5 Rxf5 38. Bxf5 Rf8 39. Bd3 Rf1+
40. Kb2 Qd2 41. Qd5 Qc3+ 0-1

[Event "FIDE World Bl Team Pool B"]
[Site "London ENG"]
[Date "2025.06.14"]
[Round "4.4"]
[White "Rushbrooke, Remy"]
[Black "Wanyama, Harold"]
[Result "0-1"]
[BlackTitle "FM"]
[WhiteElo "2090"]
[BlackElo "2143"]
[WhiteTeam "Oxbridge"]
[BlackTeam "Mother Continent"]
[WhiteFideId "443590"]
[BlackFideId "10000380"]
[EventDate "2025.06.14"]
[EventType "team"]

1. d4 d5 2. Nc3 Nf6 3. Bg5 Nbd7 4. Nf3 h6 5. Bh4 g6 6. e3 Bg7 7. Bd3 b6 8. O-O
Bb7 9. Ne5 Nxe5 10. dxe5 Ne4 11. e6 f5 12. g4 Nxc3 13. bxc3 O-O 14. gxf5 gxf5
15. f4 Kh7 16. Kf2 Qd6 17. Rg1 Qxe6 18. Qh5 Bxc3 19. Rg5 Bxa1 20. Rxf5 Kh8 21.
Rg5 d4 22. Rg6 Qxe3+ 23. Kf1 Rxf4+ 0-1

[Event "FIDE World Bl Team Pool B"]
[Site "London ENG"]
[Date "2025.06.14"]
[Round "4.5"]
[White "QUICKPEN, Deborah Ebimobo-ere"]
[Black "Hng, Mei-Xian Eunice"]
[Result "0-1"]
[WhiteTitle "WCM"]
[BlackTitle "WFM"]
[WhiteElo "2081"]
[BlackElo "2066"]
[WhiteTeam "Mother Continent"]
[BlackTeam "Oxbridge"]
[WhiteFideId "8511616"]
[BlackFideId "5806585"]
[EventDate "2025.06.14"]
[EventType "team"]

1. e4 d6 2. d4 c6 3. Nc3 Nd7 4. f4 Qc7 5. Nf3 e5 6. Be3 Ngf6 7. Qd2 Be7 8. O-O-O
exd4 9. Nxd4 Nc5 10. Bd3 O-O 11. Nf3 Nxd3+ 12. Qxd3 Rd8 13. h3 b5 14. g4 b4 15.
Ne2 a5 16. Ng3 Ba6 17. Qd2 d5 18. exd5 Rxd5 19. Qf2 a4 20. g5 Rxd1+ 21. Rxd1 Nd5
22. Nd4 Bc5 23. f5 Re8 24. Bd2 Bxd4 25. Qxd4 Qxg3 26. Bxb4 Nxb4 27. Qxb4 Qxg5+
28. Kb1 Qxf5 29. Qxa4 Bb5 30. Qd4 h6 31. a4 Be2 32. Re1 Re6 33. Qd8+ Kh7 34. a5
Bc4 35. Rxe6 Qf1+ 0-1

[Event "FIDE World Bl Team Pool B"]
[Site "London ENG"]
[Date "2025.06.14"]
[Round "4.6"]
[White "Nayberg, Simona"]
[Black "Corrigan, James"]
[Result "1-0"]
[WhiteElo "1819"]
[BlackElo "1776"]
[WhiteTeam "Oxbridge"]
[BlackTeam "Mother Continent"]
[WhiteFideId "2075180"]
[BlackFideId "1804006"]
[EventDate "2025.06.14"]
[EventType "team"]

1. e4 e5 2. Nf3 Nc6 3. Bc4 Nf6 4. Ng5 d5 5. exd5 Na5 6. Bb5+ c6 7. dxc6 bxc6 8.
Bd3 Bd6 9. O-O O-O 10. Nc3 Re8 11. h3 Nb7 12. Nge4 Bc7 13. Nxf6+ Qxf6 14. Qh5 g6
15. Ne4 Qg7 16. Qh4 f5 17. Nf6+ Kf8 18. Nxe8 Kxe8 19. Re1 Kf8 20. b3 Be6 21.
Ba3+ Kg8 22. Bc4 Re8 23. Bxe6+ Rxe6 24. Qc4 Qf6 25. d4 Kg7 26. Bb2 Kf8 27. Qb4+
Nd6 28. dxe5 Qe7 29. exd6 Rxe1+ 30. Rxe1 1-0